000 00324nam a2200133Ia 4500
008 231129s1981||||xx |||||||||||||| ||spa||
040 _bspa
082 _aCo868 B516
100 _aBermudez Alberto
245 0 _aLaureano Gómez: Obras selectas
260 _c1981
264 _aCamara de Representantes
942 _2ddc
_cBKS
999 _c19031
_d19031